000 00530nam a2200217Ia 4500
003 OSt
005 20221005131106.0
006 a|||||r|||| 00| 0
007 ta
008 221004b |||||||| |||| 00| 0 tam d
024 _a52788
037 _cTextual
040 _aCRL
_cCRL
_btam
041 _2tam
_atam
082 _aO31p211'N77, L7.2
245 0 _aSeminar collection
260 _c1977
650 _aTAMIL LITERATURE
942 _hO31p211'N77, L7.2
_cTEXL
_2cc
999 _c1059303
_d1059303